000 00348nam a2200145Ia 4500
008 090124s9999 xx 000 0 und d
082 _b300641
245 _a बुलेट
250 _a1
260 _bदिघे प्रभाकर
_c1980
300 _a227
630 _a बुलेट
730 _a बुलेट
942 _cBOOK
999 _c190195
_d190195